Districts of Clwyd - Statistics

General Stats
  • This quiz has been taken 10 times
  • The average score is 2 of 6
Answer Stats
Type Name % Correct
District Wrexham Maelor
100%
District Alyn & Deeside
56%
District Colwyn
33%
District Delwyn
11%
District Glyndwr
11%
District Rhuddlan
11%
No matching quizzes found
Score Distribution
Percent of People with Each Score
Percentile by Number Answered
Your Score History
You have not taken this quiz